00311nam a2200121Ia 4500008004100000020001800041041000800059082002500067100002800092245002300120260003700143300000900180230519s9999 xx 000 0 und d a0-8273-7869-6 aeng a610.730 1/PES/DB0523 aPesut Daniel & Herman J aClinical Reasoning bDelmar PublisheraNew Yorkc1999 a244p